Pubic transit planning and operation (Record no. 548215)
[ view plain ]
| 000 -LEADER | |
|---|---|
| fixed length control field | 00422cam a22001454a 4500 |
| 082 00 - DEWEY DECIMAL CLASSIFICATION NUMBER | |
| Classification number | 629.287233 |
| Author Mark | CED |
| -- | N-01, P-206 |
| 100 1# - MAIN ENTRY--PERSONAL NAME | |
| Personal name | Ceder, avishai |
| 9 (RLIN) | 25015 |
| 245 14 - TITLE STATEMENT | |
| Title | Pubic transit planning and operation |
| Statement of responsibility, etc. | Avishai ceder |
| 260 ## - PUBLICATION, DISTRIBUTION, ETC. | |
| Place of publication, distribution, etc. | London : |
| Name of publisher, distributor, etc. | British library. |
| Date of publication, distribution, etc. | c2007. |
| 300 ## - PHYSICAL DESCRIPTION | |
| Extent | xvii, 626 p. : |
| Other physical details | ill. ; |
| Dimensions | 32 cm. |
| 500 ## - GENERAL NOTE | |
| General note | . |
| 526 ## - STUDY PROGRAM INFORMATION NOTE | |
| Program name | 0 |
| Interest level | 0 |
| Reading level | 0 |
| Title point value | 629_287233000000000_CED |
| 650 #0 - SUBJECT ADDED ENTRY--TOPICAL TERM | |
| Topical term or geographic name entry element | MCE |
| 9 (RLIN) | 379 |
| 942 ## - ADDED ENTRY ELEMENTS (KOHA) | |
| Source of classification or shelving scheme | |
| Koha item type | Book |
| Withdrawn status | Lost status | Source of classification or shelving scheme | Damaged status | Not for loan | Permanent Location | Current Location | Date acquired | Total Checkouts | Full call number | Barcode | Date last seen | Price effective from | Koha item type |
|---|---|---|---|---|---|---|---|---|---|---|---|---|---|
| Military College of Engineering (MCE) | Military College of Engineering (MCE) | 08/25/2014 | 629.287233 CED | MCE-45461 | 08/25/2014 | 08/25/2014 | Book |
